Triumph of the market : Essays on economics, politics, and the media (Record no. 41361)

MARC details
000 -LEADER
fixed length control field 00318nam a2200109Ia 4500
082 ## - DEWEY DECIMAL CLASSIFICATION NUMBER
Classification number 330.1
Item number HER
100 ## - MAIN ENTRY--AUTHOR NAME
Personal name Herman, Edward S
245 #0 - TITLE STATEMENT
Title Triumph of the market : Essays on economics, politics, and the media
260 ## - PUBLICATION, DISTRIBUTION, ETC. (IMPRINT)
Place of publication Boston
Name of publisher South End Press
Year of publication 1995
942 ## - ADDED ENTRY ELEMENTS (KOHA)
Koha item type Books
Holdings
Withdrawn status Lost status Damaged status Not for loan Home library Current library Date acquired Source of acquisition Cost, normal purchase price Full call number Accession Number Koha item type
        RRII Library RRII Library 16/12/2021 Cost Recovered 16.00 330.1 HER 21648 Books